00890nam a22002534a 450000500170000000800410001701000140005802000260007203500130009803700150011104000180012608200120014410000230015624500650017926000380024427000590028230000290034150000200037065000320039065000270042294200260044999900170047595201440049220080729164931.0080416s2008 waua 001 0 eng  aENG-91461 a9788131304990c595.00 aEN-74994 bDBAD / PUB aDPLbEnglish  a374.954 aShirur, Rajani R.  aNon-formal education for development /cby Rajani R. Shirur  aNew Delhi bAPH Publishing c2009 a4435-36/7, Ansari Road, Daryaganj,bNew Delhi e110002 avii, 196 p. c23 cm (Hb) aIncludes index  aNon-formal educationzIndia aAdult educationzIndia 2ddccENmSHIh374.954 c17393d17393 00102ddc40718NFICaDBADbDBADd2008-11-03eDBAD / PUBg595.00l0o374.954 SHIpEN-74994r2008-11-03 00:00:00t1v595.00w2008-11-03yEN